All Gulf of Mexico Cities 100k+ - Statistics

General Stats
  • This quiz has been taken 60 times
  • The average score is 12 of 27
Answer Stats
Country City Population % Correct
Cuba Havana 2.1 million
96%
USA Houston 2.3 million
93%
USA New Orleans 390k
91%
USA Tampa 387k
87%
Mexico Cancun 888k
80%
USA Mobile 186k
78%
USA Corpus Christi 325k
76%
USA St. Petersburg 261k
70%
Mexico Veracruz 554k
70%
USA Brownsville 180k
65%
USA Cape Coral 183k
54%
Mexico Tampico 314k
50%
Mexico Matamoros 520k
43%
Mexico Campeche 259k
41%
USA Clearwater 115k
35%
Mexico Ciudad del Carmen 169k
22%
Mexico Coatzacoalcos 319k
22%
Cuba Matanzas 140k
20%
Mexico Miramar 161k
17%
Mexico Playa del Carmen 304k
17%
USA Metairie 142k
15%
Mexico Chetumal 169k
11%
Mexico Ciudad Madero 205k
11%
USA Sugarland 117k
11%
Mexico Boca del Rio 144k
9%
USA Spring Hill 111k
9%
Mexico Tuxpam de Rodriguez Cano 143k
7%
No matching quizzes found
Score Distribution
Percent of People with Each Score
Percentile by Number Answered
Your Score History
You have not taken this quiz